| 000 | 00713nam a22001937a 4500 | ||
|---|---|---|---|
| 005 | 20251108172857.0 | ||
| 008 | 250721s2004 xx 000 0 ara d | ||
| 082 | 1 | 4 | _a219.9/مصط |
| 100 | 1 | _aمصطفى، اسامه نعيم | |
| 245 | 1 | 0 | _aقصص عظماء الإسلام أبطالها الخلفاء الراشدين رضي الله عنهم و رضوا عنه / |
| 246 | 1 | 3 | _aأبو بكر الصديق ,عمر بن الخطاب , عثمان بن عفان , علي بن أبي طالب |
| 264 | 1 |
_aحلب : _bدار الرضوان، _c2004. |
|
| 300 | _a72 ص. | ||
| 650 | 1 | 7 | _aالسيرة النبوية |
| 650 | 1 | 7 | _aالقصص |
| 650 | 1 | 7 | _aالصحابة |
| 942 |
_2ddc _cBK |
||
| 999 |
_c90690 _d90690 |
||